| 000 | 01011aab a2200193 i 4500 | ||
|---|---|---|---|
| 001 | 768714001 | ||
| 003 | CO-MdFUSB | ||
| 005 | 20250730121912.0 | ||
| 008 | 250730t1989 ag ||||| |||| 00| 0 spa d | ||
| 040 |
_bspa _cCO-MdFUSB |
||
| 100 | 1 |
_aRamírez, Elvira de _eautor |
|
| 245 | 1 | 3 |
_aEl ministerio educativo de la iglesia _c/ Elvira de Ramírez |
| 300 |
_aVolumen 8, número 1 (marzo, 1989), Páginas 32-35 _c; 27 cm |
||
| 520 | _aHay un método que le es propio a la educación cristiana, si es que tiene como propósito formar integralmente al cristiano en la vida de fe. Este método se basa en el vínculo estrecho entre maestros y alumnos. La presencia del maestro como modelo permite al discípulo no sólo llegar a saber lo que sabe, sino también, por medio de la identificación con él, llegar a ser lo que es. | ||
| 653 | _aEducación cristiana | ||
| 773 | 0 |
_tIglesia y Misión _049402 _959672 _gVolumen 8, número 1 (marzo, 1989), páginas 32 - 35 _qpáginas 32 |
|
| 942 | _cANA | ||
| 945 | _aJTF-925 | ||
| 999 |
_c51797 _d51797 |
||